Представление документа в формате MARC21

ПолеНазваниеЗначение
  Тип записи a
  Библиографический уровень m
001 Контрольный номер RU\infra-m\znanium\bibl\1316922
005 Дата корректировки 20260429142147.6
008 Кодируемые данные 220920s2022 RU g rus u
020 Индекс ISBN __
a ISBN 978-5-16-016894-4
020 Индекс ISBN __
a ISBN 978-5-16-109464-8 (электр. издание)
040 Источник каталогиз. __
a Служба первич. каталог. Общество с ограниченной ответственностью «ЗНАНИУМ»
041 Код языка издания __
a Код языка текста rus
044 Код страны публикации __
a Код страны публикации RU
080 Индекс УДК __
a Индекс УДК 303.1(075.8)
084 Индекс другой классификации/Индекс ББК __
2 Источник индекса rubbk
a Индекс другой классификации/Индекс ББК 60я73
084 Индекс другой классификации/Индекс ББК __
2 Источник индекса okso
a Индекс другой классификации/Индекс ББК 38.03.04
084 Индекс другой классификации/Индекс ББК __
2 Источник индекса okso
a Индекс другой классификации/Индекс ББК 38.04.04
084 Индекс другой классификации/Индекс ББК __
2 Источник индекса okso
a Индекс другой классификации/Индекс ББК 39.03.01
084 Индекс другой классификации/Индекс ББК __
2 Источник индекса okso
a Индекс другой классификации/Индекс ББК 39.03.03
084 Индекс другой классификации/Индекс ББК __
2 Источник индекса okso
a Индекс другой классификации/Индекс ББК 39.04.01
084 Индекс другой классификации/Индекс ББК __
2 Источник индекса okso
a Индекс другой классификации/Индекс ББК 39.04.03
084 Индекс другой классификации/Индекс ББК __
2 Источник индекса okso
a Индекс другой классификации/Индекс ББК 40.03.01
084 Индекс другой классификации/Индекс ББК __
2 Источник индекса okso
a Индекс другой классификации/Индекс ББК 40.04.01
084 Индекс другой классификации/Индекс ББК __
2 Источник индекса okso
a Индекс другой классификации/Индекс ББК 41.03.01
084 Индекс другой классификации/Индекс ББК __
2 Источник индекса okso
a Индекс другой классификации/Индекс ББК 41.03.02
084 Индекс другой классификации/Индекс ББК __
2 Источник индекса okso
a Индекс другой классификации/Индекс ББК 41.03.04
084 Индекс другой классификации/Индекс ББК __
2 Источник индекса okso
a Индекс другой классификации/Индекс ББК 41.03.05
084 Индекс другой классификации/Индекс ББК __
2 Источник индекса okso
a Индекс другой классификации/Индекс ББК 41.03.06
084 Индекс другой классификации/Индекс ББК __
2 Источник индекса okso
a Индекс другой классификации/Индекс ББК 41.04.01
084 Индекс другой классификации/Индекс ББК __
2 Источник индекса okso
a Индекс другой классификации/Индекс ББК 41.04.02
084 Индекс другой классификации/Индекс ББК __
2 Источник индекса okso
a Индекс другой классификации/Индекс ББК 41.04.04
084 Индекс другой классификации/Индекс ББК __
2 Источник индекса okso
a Индекс другой классификации/Индекс ББК 41.04.05
084 Индекс другой классификации/Индекс ББК __
2 Источник индекса okso
a Индекс другой классификации/Индекс ББК 41.04.06
100 Автор __
a Автор Михайлов Д.А.
q Полное имя Михайлов Дмитрий Алексеевич
u Дополнение Российская академия народного хозяйства и государственной службы при Президенте РФ, ф-л Сибирский институт управления
245 Заглавие __
a Заглавие Методология обществоведческого исследования
b Продолж. заглавия Учебное пособие
c Ответственность Российская академия народного хозяйства и государственной службы при Президенте РФ, ф-л Сибирский институт управления
250 Сведения об издании __
a Основные сведения об издании 1
260 Выходные данные __
a Место издания Москва
b Издательство ООО "Научно-издательский центр ИНФРА-М"
c Дата издания 2023
300 Физическое описание __
a Объем 179 с.
440 Серия __
a Серия Высшее образование: Магистратура
520 Аннотация __
a Аннотация Учебное пособие посвящено общим принципам обществоведческих исследований и содержит обобщенную и систематизированную информацию по истории и философии науки проблемам предмета и объекта обществоведческого исследования ключевым методам исследований социальных феноменов. Соответствует требованиям федеральных государственных образовательных стандартов высшего образования последнего поколения. Предназначено для организации самостоятельной работы над научными проектами курсовыми и дипломными исследованиями бакалавров магистрантов и аспирантов обучающихся по направлениям подготовки 41.03.04 «Политология» 39.03.01 «Социология» 38.03.04 «Государственное и муниципальное управление» 41.03.05 «Международные отношения» 41.03.01 «Зарубежное регионоведение» 40.03.01 «Юриспруденция» 41.03.06 «Публичная политика и социальные науки».
521 Примеч. о цел. назн. __
a Примеч. о целев. назн. ВО - Магистратура
650 Тематические рубрики __
a Основная рубрика Политика. Социология
x Основная подрубрика Политология
655 Указ. предметных рубрик (устаревшее) __
a Жанр/ форма (устаревшее) Учебное пособие
856 Электронный адрес документа 4_
a Имя сервера/домена znanium.com
m Помощь ebs_support@infra-m.ru
n Местонахождение сервера НИЦ ИНФРА-М
u URL https://znanium.com/catalog/document?id=417558
856 Электронный адрес документа 48
a Имя сервера/домена znanium.com
d Путь /cover/1316
f Электронное имя 1316922.jpg
q Тип электронного формата image/jpeg
u URL https://znanium.com/cover/1316/1316922.jpg
911 __
u 0030=https://znanium.com/catalog/document?id=417558